| 000 | 00561nam a22001577a 4500 | ||
|---|---|---|---|
| 020 | _a9781259835353 | ||
| 082 |
_a617.0076 _bSCH |
||
| 245 |
_aSchwartz's Principles of Surgery / _cEdited by Charles Brunicardi, F. ; Dana K. Andersen; Timothy R. Billiar; David L. Dunn; John G. Hunter; Jeffrey B. Matthews; Raphael E. Pollock |
||
| 250 | _a11th Edition. | ||
| 260 |
_aNew York : _bMcGraw-Hill Education, _c2019. |
||
| 300 |
_avolume; _bill, _c28 cm. |
||
| 563 | _aPBK. | ||
| 650 |
_aSurgery _9113386 |
||
| 650 |
_aSurgery, Operative _9113387 |
||
| 942 |
_2ddc _cBK |
||
| 999 |
_c595192 _d595192 |
||